[Event "Ïåðâåíñòâî Ìîñêâû"]
[Site "ÐœÐ¾Ñ�ÐºÐ²Ð°, ÐœÐ“Ð˜ÐœÐž Ð¿Ñ€."]
[Date "2018.11.19"]
[Round "2.4"]
[White "Âîðîíöîâ À"]
[Black "Êèì À"]
[Result "1-0"]
[WhiteElo "1643"]
[BlackElo "1913"]
[PlyCount "58"]
[EventDate "2018.11.18"]

1. e4 e6 2. d4 d5 3. Nd2 Nf6 4. e5 Nfd7 5. f4 c5 6. Ndf3 Nc6 7. c3 Qb6 8. g3
cxd4 9. cxd4 Bb4+ 10. Kf2 O-O 11. Bh3 Be7 12. Kg2 f5 13. Ne2 Qd8 14. Ng5 Bxg5
15. fxg5 Qe7 16. Nf4 b6 17. g6 h6 18. b3 Bb7 19. a4 a5 20. Ba3 Nb4 21. Rf1 Rac8
22. Kg1 Rc6 23. Bg2 Kh8 24. Bxd5 exd5 25. Nxd5 Qg5 26. Bxb4 axb4 27. Nxb4 Nb8
28. Nxc6 Nxc6 29. e6 Qe3+ {çàïèñü íå ÿñíà} 1-0

[Event "Ïåðâåíñòâî Ìîñêâû"]
[Site "ÐœÐ¾Ñ�ÐºÐ²Ð°, ÐœÐ“Ð˜ÐœÐž Ð¿Ñ€."]
[Date "2018.11.19"]
[Round "2.5"]
[White "Ñîëîâüåâ Â"]
[Black "Ôðîèäìàí Ð"]
[Result "1-0"]
[WhiteElo "1919"]
[BlackElo "1705"]
[PlyCount "47"]
[EventDate "2018.11.18"]

1. d4 Nf6 2. Nc3 d5 3. Bf4 Nc6 4. Nb5 e5 5. dxe5 Nh5 6. e3 Nxf4 7. exf4 Bc5 8.
Qxd5 Qe7 9. Nxc7+ Kf8 10. Nxa8 Nb4 11. Qd2 Bf5 12. O-O-O Nc6 13. Bb5 Nd4 14.
Nf3 Nxb5 15. Qd8+ Qe8 16. a4 Nd6 17. Rxd6 Bxd6 18. Qxd6+ Kg8 19. Nc7 Qc8 20.
Rd1 h6 21. Qd8+ Kh7 22. Qxc8 Rxc8 23. Nd4 Be4 24. f3 1-0

[Event "Ïåðâåíñòâî Ìîñêâû"]
[Site "ÐœÐ¾Ñ�ÐºÐ²Ð°, ÐœÐ“Ð˜ÐœÐž Ð¿Ñ€."]
[Date "2018.11.19"]
[Round "2.6"]
[White "Êíÿçåâ À"]
[Black "Ñàóêîâè÷ Ë"]
[Result "1/2-1/2"]
[WhiteElo "1829"]
[BlackElo "1745"]
[PlyCount "64"]
[EventDate "2018.11.18"]
[Source "Analyze This"]

1. e4 e5 2. Nf3 Nc6 3. Bb5 a6 4. Bxc6 dxc6 5. O-O f6 6. d4 exd4 7. Qxd4 Qxd4 8.
Nxd4 Bd6 9. Nc3 Bd7 10. Be3 Ne7 11. Rfe1 O-O-O 12. Nb3 b6 13. a3 Ng6 14. a4 a5
15. Rad1 Rde8 16. Rxd6 cxd6 17. Bxb6 Re5 18. Bd8 Kxd8 19. g3 Rg5 20. Kf1 Rh5
21. h4 Ne5 22. Nd2 g5 23. hxg5 Rh1+ 24. Ke2 Bg4+ 25. f3 Rh2+ 26. Ke3 Rxd2 27.
fxg4 Nc4+ 28. Kf3 Ne5+ 29. Ke3 Nc4+ 30. Kf3 Ne5+ 31. Ke3 Nc4+ 32. Kf3 Ne5+
1/2-1/2

[Event "Ïåðâåíñòâî Ìîñêâû"]
[Site "ÐœÐ¾Ñ�ÐºÐ²Ð°, ÐœÐ“Ð˜ÐœÐž Ð¿Ñ€."]
[Date "2018.11.19"]
[Round "2.7"]
[White "Êàðëîâ Å"]
[Black "Èâàíîâ À"]
[Result "1/2-1/2"]
[WhiteElo "1685"]
[BlackElo "1850"]
[PlyCount "99"]
[EventDate "2018.11.18"]

1. c4 e5 2. Nc3 Nf6 3. d3 Nc6 4. Nf3 d5 5. cxd5 Nxd5 6. g3 Be7 7. Bg2 Nb6 8.
O-O O-O 9. a3 Be6 10. b4 a5 11. b5 Nd4 12. Bb2 Bb3 13. Qc1 f6 14. Nxd4 exd4 15.
Ne4 Na4 16. Nd2 Bd5 17. Bxd5+ Qxd5 18. Qc2 Nxb2 19. Qxb2 a4 20. Rfc1 Bd6 21.
Nf3 Bc5 22. Rc4 Ra5 23. Nxd4 Bxd4 24. Qxd4 Qxd4 25. Rxd4 Re8 26. Kf1 Re5 27.
Rc4 Raxb5 28. Rxa4 Rb2 29. Re1 Rc5 30. Rb4 Rxb4 31. axb4 Rb5 32. Rc1 c6 33. Rc4
Kf7 34. Ke1 Rd5 35. Kd2 Ke6 36. e4 Rd6 37. Ke3 Rd8 38. Rc5 Ra8 39. Ra5 Rd8 40.
f4 Rd7 41. g4 h6 42. d4 Rd8 43. f5+ Kd6 44. e5+ fxe5 45. dxe5+ Kc7 46. f6 gxf6
47. exf6 Rf8 48. Rf5 Kd6 49. Kd4 b6 50. Ke4 1/2-1/2

[Event "Ïåðâåíñòâî Ìîñêâû"]
[Site "ÐœÐ¾Ñ�ÐºÐ²Ð°, ÐœÐ“Ð˜ÐœÐž Ð¿Ñ€."]
[Date "2018.11.19"]
[Round "2.8"]
[White "Ãåðàñèìîâ Â"]
[Black "Äàâèäÿí Â"]
[Result "1-0"]
[WhiteElo "1836"]
[BlackElo "1309"]
[PlyCount "46"]
[EventDate "2018.11.18"]

1. d4 d5 2. c4 dxc4 3. e3 Nf6 4. Bxc4 e6 5. Nf3 a6 6. a4 b6 7. Nc3 Bb7 8. O-O
Be7 9. Qe2 O-O 10. Rd1 Nbd7 11. Bd3 c5 12. Ng5 h6 13. Nge4 Qc7 14. Bd2 Rfd8 15.
Rac1 Nxe4 16. Nxe4 f5 17. Ng3 Qd6 18. Bc4 cxd4 19. Nxf5 Qe5 20. Nxe7+ Kf7 21.
Bb4 Qg5 22. f4 Qf6 23. exd4 Re8 1-0

[Event "Ïåðâåíñòâî Ìîñêâû"]
[Site "ÐœÐ¾Ñ�ÐºÐ²Ð°, ÐœÐ“Ð˜ÐœÐž Ð¿Ñ€."]
[Date "2018.11.19"]
[Round "2.9"]
[White "Ìàêøàíîâ Ì"]
[Black "Êèðþøèí È"]
[Result "0-1"]
[WhiteElo "1555"]
[BlackElo "1801"]
[PlyCount "92"]
[EventDate "2018.11.18"]

1. e4 c5 2. Nf3 e6 3. g3 b6 4. Bg2 Bb7 5. Qe2 Nf6 6. e5 Nd5 7. O-O Nc6 8. c3
Nc7 9. Rd1 d5 10. d4 Be7 11. a3 c4 12. Nbd2 b5 13. Nf1 a5 14. Ne3 b4 15. Nd2
Nb5 16. a4 bxc3 17. axb5 cxd2 18. bxc6 dxc1=Q 19. Rdxc1 Ba6 20. Qc2 Qb6 21. Qd1
O-O 22. f4 Rac8 23. f5 Bg5 24. Qd2 Qb4 25. Qf2 Rxc6 26. h4 Bh6 27. g4 Bxe3 28.
Qxe3 Rfc8 29. f6 h6 30. g5 c3 31. bxc3 Rxc3 32. Rxc3 Rxc3 33. Qf2 g6 34. Rd1 a4
35. gxh6 Kh7 36. h5 Bd3 37. Bf1 Bf5 38. hxg6+ Bxg6 39. Bg2 a3 40. Rf1 Rc2 41.
Qh4 Qd2 42. Qg4 a2 43. Kh1 Qxg2+ 44. Qxg2 Rxg2 45. Kxg2 Bb1 46. Kh1 a1=Q 0-1

[Event "Ïåðâåíñòâî Ìîñêâû"]
[Site "ÐœÐ¾Ñ�ÐºÐ²Ð°, ÐœÐ“Ð˜ÐœÐž Ð¿Ñ€."]
[Date "2018.11.19"]
[Round "2.10"]
[White "Ëèñòîâ  Ò"]
[Black "Ðîñòîâöåâ Ä"]
[Result "1/2-1/2"]
[WhiteElo "1243"]
[BlackElo "1321"]
[PlyCount "60"]
[EventDate "2018.11.18"]

1. e4 e5 2. Nf3 Nf6 3. Nc3 Nc6 4. Bc4 Nxe4 5. Nxe4 d5 6. Bxd5 Qxd5 7. Nc3 Qd8
8. h3 Be7 9. d3 O-O 10. O-O Be6 11. Re1 f6 12. d4 exd4 13. Nb5 Bc4 14. Nfxd4
Nxd4 15. Qxd4 Qxd4 16. Nxd4 Bc5 17. Be3 Rad8 18. c3 Rfe8 19. Nc6 Rd5 20. Bxc5
Rxe1+ 21. Rxe1 Rxc5 22. Nd8 Re5 23. Rxe5 fxe5 24. Nxb7 Bxa2 25. Na5 Bd5 26. c4
Ba8 27. Nb3 Kf7 28. g3 Ke6 29. Kf1 Bf3 30. Ke1 g5 {çàïèñü íå ÿñíà} 1/2-1/2

[Event "Ïåðâåíñòâî Ìîñêâû"]
[Site "ÐœÐ¾Ñ�ÐºÐ²Ð°, ÐœÐ“Ð˜ÐœÐž Ð¿Ñ€."]
[Date "2018.11.19"]
[Round "2.11"]
[White "Òèòîâ À"]
[Black "Ðàòàòàåâ È"]
[Result "1/2-1/2"]
[WhiteElo "1922"]
[BlackElo "1425"]
[PlyCount "80"]
[EventDate "2018.11.18"]
[Source "Analyze This"]

1. d4 d5 2. c4 e6 3. Nf3 Nf6 4. Nc3 Be7 5. Bg5 h6 6. Bf4 O-O 7. h3 b6 8. cxd5
Nxd5 9. Nxd5 Qxd5 10. Qb3 Qxb3 11. axb3 c5 12. Bxb8 Rxb8 13. Rxa7 Bb7 14. e3
cxd4 15. Bb5 Bxf3 16. gxf3 Ra8 17. Ra4 dxe3 18. fxe3 Bf6 19. Rh2 Rfc8 20. Rc2
g5 21. Bc6 Rxa4 22. bxa4 Bxb2 23. Be4 Rxc2 24. Bxc2 Bc3+ 25. Ke2 Bb4 26. f4 Kg7
27. Kf3 Bc5 28. e4 Bd6 29. f5 exf5 30. exf5 f6 31. Ke4 Bc5 32. Kd5 Bg1 33. Bd1
Bf2 34. Bh5 Bg1 35. Kc6 Bf2 36. Kd5 Bg1 37. Ke6 Bf2 38. Kd5 Bg1 39. Ke6 Bf2 40.
Kd5 Bg1 1/2-1/2

[Event "Ïåðâåíñòâî Ìîñêâû"]
[Site "ÐœÐ¾Ñ�ÐºÐ²Ð°, ÐœÐ“Ð˜ÐœÐž Ð¿Ñ€."]
[Date "2018.11.19"]
[Round "2.12"]
[White "Òàðàñîâ Ä"]
[Black "Ñàéêèí È"]
[Result "1-0"]
[WhiteElo "1852"]
[BlackElo "1657"]
[PlyCount "89"]
[EventDate "2018.11.18"]
[Source "Analyze This"]

1. e4 e5 2. Nf3 Nf6 3. Nc3 Bb4 4. Bd3 O-O 5. O-O d6 6. Nd5 Nxd5 7. exd5 f5 8.
Bc4 Nd7 9. c3 Ba5 10. a4 a6 11. d4 e4 12. Ng5 Nf6 13. h4 h6 14. Nh3 Kh7 15. h5
c6 16. dxc6 bxc6 17. d5 cxd5 18. Bxd5 Rb8 19. Nf4 Nxd5 20. Nxd5 Be6 21. b4 Bc7
22. Bf4 Bxd5 23. Qxd5 Qe7 24. Rfd1 Rbd8 25. b5 a5 26. Rab1 Qf7 27. Qxf7 Rxf7
28. b6 Bb8 29. Rb5 Rb7 30. Rdb1 d5 31. Be3 Rc8 32. Bd4 Rc4 33. Rxa5 f4 34. Ra8
e3 35. fxe3 fxe3 36. Bxe3 Rxc3 37. Bf2 Be5 38. a5 d4 39. Re8 Bf4 40. Bxd4 Rd3
41. a6 Rd7 42. a7 Be3+ 43. Rxe3 Re7 44. Rxe7 Rxd4 45. Rxg7+ 1-0

[Event "Ïåðâåíñòâî Ìîñêâû"]
[Site "ÐœÐ¾Ñ�ÐºÐ²Ð°, ÐœÐ“Ð˜ÐœÐž Ð¿Ñ€."]
[Date "2018.11.19"]
[Round "2.13"]
[White "Àðáóçîâ Ò"]
[Black "Äîðîôååâ Ô"]
[Result "0-1"]
[WhiteElo "1789"]
[BlackElo "1511"]
[PlyCount "91"]
[EventDate "2018.11.18"]

1. d4 Nf6 2. Nc3 d6 3. e4 c6 4. Be3 Qa5 5. f3 e5 6. Nge2 Nbd7 7. Qd2 b5 8. Ng3
a6 9. Be2 Qc7 10. O-O Bb7 11. Nd1 d5 12. c3 Bd6 13. Nf5 Bf8 14. dxe5 Qxe5 15.
Bf4 Qe6 16. Nde3 dxe4 17. Nd4 Qe7 18. Nef5 Qc5 19. b4 Qb6 20. fxe4 c5 21. bxc5
Qxc5 22. Bf3 Ne5 23. Kh1 Rd8 24. Qe2 g6 25. Bg5 Be7 26. Nxe7 Qxe7 27. Rad1 h6
28. Bf4 Nxf3 29. gxf3 Nh5 30. Be3 Qh4 31. Rg1 Qf6 32. Qf2 Ke7 33. Nb3 Rxd1 34.
Bc5+ Rd6 35. Rd1 Rhd8 36. Rxd6 Rxd6 37. Qe2 Kd7 38. Bxd6 Qxd6 39. Nd4 Nf4 40.
Qe3 Ne6 41. Nb3 Qd1+ 42. Kg2 Qc2+ 43. Kg3 Qxa2 44. Nc1 Qc4 45. Qd2+ Ke7 46. Nd3
0-1

[Event "Ïåðâåíñòâî Ìîñêâû"]
[Site "ÐœÐ¾Ñ�ÐºÐ²Ð°, ÐœÐ“Ð˜ÐœÐž Ð¿Ñ€."]
[Date "2018.11.19"]
[Round "2.14"]
[White "Ñîëîæåíêèí Ñ"]
[Black "Áàéòóãàíîâ Â"]
[Result "0-1"]
[WhiteElo "1533"]
[BlackElo "1677"]
[PlyCount "68"]
[EventDate "2018.11.18"]

1. e4 c6 2. Nf3 d5 3. Nc3 dxe4 4. Nxe4 Nf6 5. Nxf6+ gxf6 6. Bc4 Bf5 7. d4 e6 8.
Bf4 Bd6 9. Bg3 Qc7 10. Qe2 Bg4 11. O-O Nd7 12. Qe4 f5 13. Qe2 O-O-O 14. Bd3 Nb6
15. c3 Nd5 16. Rfc1 Rhg8 17. b4 Qe7 18. Qd1 Bxf3 19. Qxf3 f4 20. Bxh7 Rg7 21.
Be4 fxg3 22. hxg3 Qg5 23. a4 f5 24. Bxd5 exd5 25. c4 dxc4 26. b5 Qg4 27. Qc3
Rc7 28. Qa5 Qh5 29. Qxa7 Rh8 30. f4 cxb5 31. axb5 Qh2+ 32. Kf2 Bxf4 33. gxf4
Qxf4+ 34. Kg1 Qe3+ 0-1

[Event "Ïåðâåíñòâî Ìîñêâû"]
[Site "ÐœÐ¾Ñ�ÐºÐ²Ð°, ÐœÐ“Ð˜ÐœÐž Ð¿Ñ€."]
[Date "2018.11.19"]
[Round "2.15"]
[White "Íàñûðîâ À"]
[Black "Ìàòåâîñÿí Ì"]
[Result "0-1"]
[WhiteElo "1738"]
[BlackElo "1499"]
[PlyCount "40"]
[EventDate "2018.11.18"]

1. e4 c5 2. Nf3 d6 3. d4 cxd4 4. Nxd4 Nf6 5. Nc3 g6 6. Be3 Bg7 7. f3 O-O 8. Qd2
Nc6 9. Bc4 Bd7 10. O-O-O Rc8 11. Bb3 Nxd4 12. Bxd4 b5 13. Ne2 a5 14. a3 b4 15.
c3 bxa3 16. bxa3 Rb8 17. Kc2 d5 18. Be5 Nxe4 19. fxe4 Bxe5 20. Rc1 Qc7 {
çàïèñü íå ÿñíà} 0-1

[Event "Ïåðâåíñòâî Ìîñêâû"]
[Site "ÐœÐ¾Ñ�ÐºÐ²Ð°, ÐœÐ“Ð˜ÐœÐž Ð¿Ñ€."]
[Date "2018.11.19"]
[Round "2.16"]
[White "Øèðîêèõ È"]
[Black "Çóðàáÿí Â"]
[Result "1-0"]
[WhiteElo "1473"]
[BlackElo "1905"]
[Annotator ",immortal223"]
[PlyCount "14"]
[EventDate "2018.11.18"]
[Source "Analyze This"]

1. e4 d6 2. d4 Nf6 3. Nc3 e5 4. dxe5 dxe5 5. Qxd8+ Kxd8 6. Bc4 Bb4 7. Bg5 Ke7 (
7... Ke7 8. O-O-O c6 9. f4 Nbd7 10. Nf3 h6 11. Bh4 Bxc3 12. bxc3 Ke8 13. Nxe5
Nxe5 14. fxe5 Bg4 15. exf6 Bxd1 16. Rxd1 gxf6 17. Bxf6 Rg8 18. g3 Rg4 19. Bd3
b5 20. e5 a5 21. Bf5 Rc4 22. e6 fxe6 23. Bxe6 Rc5 24. Rd7 Rd5 25. Rh7 Rg5 26.
Rh8+) 1-0

[Event "Ïåðâåíñòâî Ìîñêâû"]
[Site "ÐœÐ¾Ñ�ÐºÐ²Ð°, ÐœÐ“Ð˜ÐœÐž Ð¿Ñ€."]
[Date "2018.11.19"]
[Round "2.17"]
[White "Êàëèòà Ä"]
[Black "Ëàðè÷åâ Ï"]
[Result "1-0"]
[WhiteElo "1597"]
[BlackElo "1848"]
[PlyCount "89"]
[EventDate "2018.11.18"]
[Source "Analyze This"]

1. e4 c5 2. Nf3 e6 3. d4 cxd4 4. Nxd4 a6 5. c4 Ne7 6. Nc3 Nec6 7. Be3 d6 8. Qd2
Be7 9. Be2 Qc7 10. O-O O-O 11. f4 Nd7 12. a3 Nc5 13. Qc2 Bf6 14. Rad1 Nxd4 15.
Bxd4 Bxd4+ 16. Rxd4 Qb6 17. Kh1 Nb3 18. Rd3 Nd4 19. Qd2 e5 20. f5 f6 21. Nd5
Qd8 22. Rg3 Kh8 23. Bh5 b5 24. Qd1 Ra7 25. Rh3 bxc4 26. Bg6 h6 27. Qc1 a5 28.
Qe3 Rd7 29. Rc1 Ba6 30. Rc3 Rff7 31. Rxh6+ gxh6 32. Qxh6+ Rh7 33. Bxh7 Rxh7 34.
Qg6 Qg8 35. Qxf6+ Qg7 36. Qd8+ Qg8 37. Qxd6 Nc2 38. Qxe5+ Qg7 39. Nf6 Qf7 40.
Nxh7+ Kxh7 41. Rh3+ Qh5 42. Rxh5+ Kg8 43. Qe8+ Kg7 44. Rg5+ Kh6 45. Qh5# 1-0

[Event "Ïåðâåíñòâî Ìîñêâû"]
[Site "ÐœÐ¾Ñ�ÐºÐ²Ð°, ÐœÐ“Ð˜ÐœÐž Ð¿Ñ€."]
[Date "2018.11.19"]
[Round "2.18"]
[White "Ðóñòàìîâ "]
[Black "Êîçëîâ "]
[Result "1-0"]
[WhiteElo "1638"]
[BlackElo "1559"]
[PlyCount "61"]
[EventDate "2018.11.18"]

1. d4 d6 2. c4 f5 3. Nf3 g6 4. Nc3 Bg7 5. h4 Nf6 6. g3 O-O 7. Bg2 Qe8 8. O-O e5
9. dxe5 dxe5 10. e4 fxe4 11. Ng5 c6 12. Ngxe4 Be6 13. b3 Qe7 14. a4 Rd8 15. Qe2
Na6 16. Ba3 Nb4 17. Nxf6+ Bxf6 18. Ne4 Bg7 19. Rfd1 a5 20. Rxd8+ Rxd8 21. Rd1
Bf5 22. Rxd8+ Qxd8 23. Qd2 Qxd2 24. Nxd2 Bc2 25. Be4 Bd1 26. Kf1 Bh6 27. Ke1
Bxd2+ 28. Kxd1 Bc3 29. Bf3 h6 30. Bg4 c5 31. Bc8 {çàïèñü íå ÿñíà} 1-0

[Event "Ïåðâåíñòâî Ìîñêâû"]
[Site "ÐœÐ¾Ñ�ÐºÐ²Ð°, ÐœÐ“Ð˜ÐœÐž Ð¿Ñ€."]
[Date "2018.11.19"]
[Round "2.19"]
[White "Íàáîòÿí "]
[Black "Êóøíàðåíêî "]
[Result "0-1"]
[WhiteElo "1206"]
[BlackElo "1722"]
[PlyCount "123"]
[EventDate "2018.11.18"]

1. c4 c6 2. Nf3 Nf6 3. Nc3 d5 4. e3 Bf5 5. d4 e6 6. a3 Bd6 7. Bd3 Bxd3 8. Qxd3
Nbd7 9. c5 Bc7 10. b4 a6 11. Bb2 O-O 12. O-O Re8 13. a4 e5 14. dxe5 Bxe5 15.
Nd4 Qc7 16. g3 Bxd4 17. Qxd4 Qe5 18. Qd2 Qh5 19. Qd1 Qh3 20. Qf3 Ng4 21. Qg2
Qxg2+ 22. Kxg2 Nge5 23. Nd1 Nc4 24. Bc3 Re4 25. Ra2 f6 26. Nb2 Nxb2 27. Rxb2
Rc4 28. Bd4 Kf7 29. Rbb1 Ke6 30. Rfc1 Rxc1 31. Rxc1 Ne5 32. Bxe5 fxe5 33. f4
Rf8 34. Rd1 Rb8 35. a5 Rf8 36. Rd2 Rf7 37. Rd1 Rd7 38. fxe5 Kxe5 39. Rd4 Rf7
40. Rh4 h6 41. Rd4 g5 42. Rg4 Rf6 43. Rd4 Rf5 44. h3 Rf6 45. Rg4 Rf7 46. h4 Kf5
47. Rd4 Re7 48. hxg5 hxg5 49. g4+ Ke5 50. Kf3 Rh7 51. Kg3 Rh1 52. Kf2 Rc1 53.
Rd3 Rc4 54. Rb3 Rxg4 55. Kf3 Rc4 56. Kg3 Re4 57. Kf3 Rh4 58. Kg3 Ke4 59. Kg2
Rh7 60. Kf2 Rf7+ 61. Ke2 g4 62. Rd3 0-1

[Event "Ïåðâåíñòâî Ìîñêâû"]
[Site "ÐœÐ¾Ñ�ÐºÐ²Ð°, ÐœÐ“Ð˜ÐœÐž Ð¿Ñ€."]
[Date "2018.11.19"]
[Round "2.20"]
[White "Ãóáàíîâ "]
[Black "Ôåäîðîâ"]
[Result "1-0"]
[WhiteElo "1666"]
[BlackElo "1313"]
[PlyCount "67"]
[EventDate "2018.11.18"]

1. c4 Nf6 2. Nc3 g6 3. d4 Bg7 4. e4 d6 5. Nf3 Nbd7 6. Be2 O-O 7. O-O e5 8. Re1
a5 9. Bf1 b6 10. b3 Nh5 11. Be3 Re8 12. Qd2 Bb7 13. Rad1 f5 14. Bg5 Qc8 15.
dxe5 Nxe5 16. Nxe5 Bxe5 17. Nd5 Bxd5 18. Qxd5+ Qe6 19. exf5 Qxd5 20. cxd5 gxf5
21. Bb5 Rf8 22. g3 f4 23. Bd7 Kh8 24. Rc1 Rg8 25. Bh4 fxg3 26. hxg3 Bd4 27. Rc4
Bc5 28. g4 Ng7 29. Bf6 Rgf8 30. g5 Kg8 31. Re7 Nh5 32. Be6+ Rf7 33. Bxf7+ Kf8
34. Bxh5 1-0

[Event "Ïåðâåíñòâî Ìîñêâû"]
[Site "ÐœÐ¾Ñ�ÐºÐ²Ð°, ÐœÐ“Ð˜ÐœÐž Ð¿Ñ€."]
[Date "2018.11.19"]
[Round "2.21"]
[White "Ïåíüêèí Ï"]
[Black "Áîãåð Þ"]
[Result "1/2-1/2"]
[WhiteElo "1497"]
[BlackElo "1672"]
[PlyCount "64"]
[EventDate "2018.11.18"]
[Source "Analyze This"]

1. d4 Nf6 2. c4 d6 3. Nc3 g6 4. e4 Bg7 5. Nf3 Na6 6. a3 c5 7. Be2 O-O 8. O-O b6
9. Re1 Bb7 10. Bf1 cxd4 11. Nxd4 Nc5 12. f3 a5 13. b3 Qd7 14. Rb1 Ne6 15. Nxe6
fxe6 16. Be3 Qd8 17. Na4 Nd7 18. Qd2 Nc5 19. Nxc5 bxc5 20. Rec1 Bc6 21. Qd1 Rb8
22. Qd2 Qc7 23. Qe1 Rb7 24. Bd3 Rfb8 25. Qd1 Qd7 26. Bd2 Bd4+ 27. Kh1 Qc7 28.
g3 Kf7 29. Kg2 Kg8 30. Kh1 Kf7 31. Kg2 Kg8 32. Kh1 Kf7 1/2-1/2

[Event "Ïåðâåíñòâî Ìîñêâû"]
[Site "ÐœÐ¾Ñ�ÐºÐ²Ð°, ÐœÐ“Ð˜ÐœÐž Ð¿Ñ€."]
[Date "2018.11.19"]
[Round "2.22"]
[White "Çàéöåâ Þ"]
[Black "Ñåäíåâ À"]
[Result "1-0"]
[WhiteElo "1544"]
[BlackElo "1293"]
[PlyCount "77"]
[EventDate "2018.11.18"]

1. e4 e6 2. d4 d5 3. exd5 exd5 4. c4 dxc4 5. Bxc4 Nf6 6. Nc3 Bd6 7. Nge2 O-O 8.
O-O Nc6 9. Bg5 Bxh2+ 10. Kh1 Bd6 11. Nd5 Be7 12. Nxe7+ Qxe7 13. Nc3 Qd6 14. Nb5
Qd8 15. Qf3 Nxd4 16. Bxf6 Nxf3 17. Bxd8 Nd2 18. Be7 Nxf1 19. Bxf1 Re8 20. Re1
Be6 21. Nxc7 Rxe7 22. Nxa8 Rd7 23. Rc1 Rd2 24. Bc4 Rxb2 25. Bxe6 fxe6 26. Kg1
Rxa2 27. Rc8+ Kf7 28. Rc7+ Kf6 29. Rxb7 Ra1+ 30. Kh2 Ra2 31. Kg3 a5 32. Nc7 g5
33. Ne8+ Kg6 34. Rg7+ Kh6 35. Rf7 Kh5 36. f3 g4 37. fxg4+ Kg5 38. Rg7+ Kh6 39.
g5+ 1-0

[Event "Ïåðâåíñòâî Ìîñêâû"]
[Site "ÐœÐ¾Ñ�ÐºÐ²Ð°, ÐœÐ“Ð˜ÐœÐž Ð¿Ñ€."]
[Date "2018.11.19"]
[Round "2.23"]
[White "Áîãäàñàðÿí Ð"]
[Black "Êîðøóíîâ Ñ"]
[Result "0-1"]
[WhiteElo "1413"]
[BlackElo "1229"]
[PlyCount "52"]
[EventDate "2018.11.18"]

1. c4 Nf6 2. Nc3 g6 3. d4 d5 4. cxd5 Nxd5 5. e4 Nxc3 6. bxc3 Bg7 7. Be3 c5 8.
Bb5+ Bd7 9. Bxd7+ Qxd7 10. Ne2 cxd4 11. cxd4 O-O 12. O-O Nc6 13. Qd2 Rfd8 14.
Rfd1 Qg4 15. f3 Qh5 16. Qb2 b6 17. Rac1 Rac8 18. Qb1 Bh6 19. Bxh6 Qxh6 20. Rd3
Nxd4 21. Rxc8 Nxe2+ 22. Kf2 Rxc8 23. Kxe2 Qxh2 24. Kf2 Qc7 25. Rd2 Qc5+ 26. Kg3
Qg5+ 0-1

[Event "Ïåðâåíñòâî Ìîñêâû"]
[Site "ÐœÐ¾Ñ�ÐºÐ²Ð°, ÐœÐ“Ð˜ÐœÐž Ð¿Ñ€."]
[Date "2018.11.19"]
[Round "2.24"]
[White "Äåíèñîâ "]
[Black "Êèðååâ "]
[Result "0-1"]
[WhiteElo "1394"]
[BlackElo "1675"]
[PlyCount "46"]
[EventDate "2018.11.18"]
[Source "Analyze This"]

1. e4 e5 2. Nf3 Nc6 3. Bb5 a6 4. Bxc6 dxc6 5. O-O Bd6 6. d4 Bg4 7. dxe5 Bxf3 8.
Qxf3 Bxe5 9. Qb3 Qd6 10. g3 O-O-O 11. Nd2 Nf6 12. Qxf7 Rdf8 13. Qc4 Ng4 14. Qe2
h5 15. c3 g5 16. Nc4 Qe6 17. Ne3 Kb8 18. Nxg4 hxg4 19. f3 Qh6 20. Be3 Bxg3 21.
Rad1 Bxh2+ 22. Kh1 Bg3+ 23. Kg2 Qh2# 0-1

[Event "Ïåðâåíñòâî Ìîñêâû"]
[Site "ÐœÐ¾Ñ�ÐºÐ²Ð°, ÐœÐ“Ð˜ÐœÐž Ð¿Ñ€."]
[Date "2018.11.19"]
[Round "2.25"]
[White "Ùèïèöèí "]
[Black "Î÷èðîâ "]
[Result "0-1"]
[WhiteElo "1332"]
[BlackElo "1661"]
[PlyCount "82"]
[EventDate "2018.11.18"]

1. d4 Nf6 2. Bf4 g6 3. e3 Bg7 4. Nf3 d6 5. Be2 O-O 6. h3 c6 7. O-O Nbd7 8. c4
Qb6 9. Qc2 Re8 10. Nc3 e5 11. dxe5 dxe5 12. Bh2 e4 13. Nd4 Nc5 14. a3 a5 15.
Rab1 a4 16. Bd6 Nfd7 17. b4 axb3 18. Nxb3 Qa7 19. Nxc5 Nxc5 20. Bxc5 Qxc5 21.
Nxe4 Qxa3 22. Rb3 Qe7 23. Nc3 Be6 24. Rfb1 b5 25. Rb4 Bf5 26. Bd3 Bxd3 27. Qxd3
Ra3 28. R1b3 Rxb3 29. Rxb3 b4 30. Ne2 c5 31. Nf4 Ra8 32. Rb1 Ra3 33. Qd1 h6 34.
Qd5 Qa7 35. Nxg6 Ra1 36. Rxa1 Qxa1+ 37. Kh2 Qf6 38. Nf4 b3 39. Qa8+ Bf8 40. Qb8
b2 41. Nd3 Qd6+ 0-1

[Event "Ïåðâåíñòâî Ìîñêâû"]
[Site "ÐœÐ¾Ñ�ÐºÐ²Ð°, ÐœÐ“Ð˜ÐœÐž Ð¿Ñ€."]
[Date "2018.11.19"]
[Round "3.1"]
[White "Êèðþøèí È"]
[Black "Ìèøóðèñ Ì"]
[Result "0-1"]
[WhiteElo "1801"]
[BlackElo "1997"]
[PlyCount "58"]
[EventDate "2018.11.18"]

1. e4 c5 2. Nf3 e6 3. b3 Nc6 4. Bb2 d5 5. exd5 Qxd5 6. Nc3 Qd8 7. g3 Nf6 8. Bg2
Be7 9. O-O O-O 10. Ne2 Qb6 11. Ne5 Nxe5 12. Bxe5 Rd8 13. Bb2 Bd7 14. d4 Bc6 15.
Bxc6 Qxc6 16. c4 Rd7 17. Qc2 Rad8 18. Rad1 Ne4 19. f3 Nf6 20. Kg2 h6 21. dxc5
Ng4 22. Bc1 Bxc5 23. Rxd7 Rxd7 24. Rd1 Ne5 25. Rf1 Rd3 26. Nc3 Rxf3 27. Ne4 Rd3
28. Re1 f5 29. Bf4 Nf3 0-1

[Event "Ïåðâåíñòâî Ìîñêâû"]
[Site "ÐœÐ¾Ñ�ÐºÐ²Ð°, ÐœÐ“Ð˜ÐœÐž Ð¿Ñ€."]
[Date "2018.11.19"]
[Round "3.2"]
[White "Êóðóñü À"]
[Black "Ñîëîâüåâ Â"]
[Result "1-0"]
[WhiteElo "1800"]
[BlackElo "1919"]
[PlyCount "57"]
[EventDate "2018.11.18"]

1. Nf3 Nf6 2. d4 g6 3. g3 Bg7 4. Bg2 O-O 5. O-O d6 6. Nc3 Nbd7 7. e4 c5 8. h3
Rb8 9. Be3 b6 10. e5 Ne8 11. Bf4 Bb7 12. exd6 Nxd6 13. d5 b5 14. a4 b4 15. Nb5
Nxb5 16. axb5 Ra8 17. Ra2 Nb6 18. d6 Bd5 19. dxe7 Qxe7 20. Ra6 Qb7 21. b3 Rad8
22. Qe2 Rfe8 23. Be3 c4 24. Nh4 Bxg2 25. Nxg2 cxb3 26. cxb3 Qd7 27. Qf3 Ra8 28.
Bxb6 axb6 29. Rxa8 1-0

[Event "Ïåðâåíñòâî Ìîñêâû"]
[Site "ÐœÐ¾Ñ�ÐºÐ²Ð°, ÐœÐ“Ð˜ÐœÐž Ð¿Ñ€."]
[Date "2018.11.19"]
[Round "3.3"]
[White "Âîðîíöîâ À"]
[Black "Ãåðàñèìîâ"]
[Result "0-1"]
[WhiteElo "1643"]
[BlackElo "1836"]
[PlyCount "59"]
[EventDate "2018.11.18"]

1. e4 c5 2. Nf3 Nc6 3. d4 cxd4 4. Nxd4 Nf6 5. Nc3 d6 6. f3 g6 7. Be3 Bg7 8. Qd2
O-O 9. Bc4 Bd7 10. O-O-O Rc8 11. Bb3 Ne5 12. Bh6 Nc4 13. Bxc4 Rxc4 14. Nb3 Qc7
15. h4 Bxh6 16. Qxh6 Rxc3 17. bxc3 Qxc3 18. Kb1 Rc8 19. Qd2 Qc7 20. g4 Be6 21.
Rc1 a5 22. Qxa5 b6 23. Qa3 Qc3 24. Qa6 Qxf3 25. g5 Nxe4 26. Qd3 Nc3+ 27. Kb2
Qc6 28. Rce1 Na4+ 29. Ka1 Ra8 30. Qe2 {çàïèñü íå ÿñíà} 0-1

[Event "Ïåðâåíñòâî Ìîñêâû"]
[Site "ÐœÐ¾Ñ�ÐºÐ²Ð°, ÐœÐ“Ð˜ÐœÐž Ð¿Ñ€."]
[Date "2018.11.19"]
[Round "3.4"]
[White "Âàñèëüåâ "]
[Black "Êàðëîâ "]
[Result "1-0"]
[WhiteElo "1995"]
[BlackElo "1685"]
[PlyCount "67"]
[EventDate "2018.11.18"]

1. e4 e6 2. d3 d5 3. Nd2 Nf6 4. Ngf3 b6 5. c3 Bb7 6. e5 Nfd7 7. d4 c5 8. Bd3
Nc6 9. a3 Rc8 10. O-O cxd4 11. cxd4 Na5 12. Qe2 Qc7 13. Re1 Nc4 14. Nf1 Na5 15.
Bf4 Nb3 16. Rad1 Be7 17. Ne3 Nb8 18. h4 a6 19. Bc2 Na5 20. Rc1 Nc4 21. Bd3 b5
22. h5 Nc6 23. h6 g6 24. Ng4 N6a5 25. Bb1 Qb6 26. Bg5 Nb3 27. Rcd1 Nxd4 28.
Rxd4 Bxg5 29. Nxg5 Qxd4 30. Qf3 Rc7 31. Qf6 Rg8 32. Nxe6 fxe6 33. Qxe6+ Kf8 34.
Nf6 1-0

[Event "Ïåðâåíñòâî Ìîñêâû"]
[Site "ÐœÐ¾Ñ�ÐºÐ²Ð°, ÐœÐ“Ð˜ÐœÐž Ð¿Ñ€."]
[Date "2018.11.19"]
[Round "3.5"]
[White "Ñàêîâè÷ "]
[Black "Òàðàñîâ "]
[Result "0-1"]
[WhiteElo "1745"]
[BlackElo "1852"]
[PlyCount "52"]
[EventDate "2018.11.18"]

1. e4 c5 2. Nf3 Nc6 3. d4 cxd4 4. Nxd4 e6 5. Nxc6 bxc6 6. Bd3 Nf6 7. O-O d5 8.
e5 Nd7 9. f4 Nc5 10. Be2 Qb6 11. Qd4 Ba6 12. Bxa6 Nxa6 13. Qxb6 axb6 14. Be3
Bc5 15. Bf2 Bxf2+ 16. Kxf2 Ke7 17. c3 Nc5 18. Nd2 Nd3+ 19. Ke3 Nxb2 20. Rfc1
Rhc8 21. Rc2 Nc4+ 22. Nxc4 dxc4 23. Rb1 b5 24. Kd4 Rd8+ 25. Kc5 Ra6 26. Re1
Rd5+ 0-1

[Event "Ïåðâåíñòâî Ìîñêâû"]
[Site "ÐœÐ¾Ñ�ÐºÐ²Ð°, ÐœÐ“Ð˜ÐœÐž Ð¿Ñ€."]
[Date "2018.11.19"]
[Round "3.6"]
[White "Ìàòåâîñÿí "]
[Black "Êíÿçåâ "]
[Result "0-1"]
[WhiteElo "1499"]
[BlackElo "1829"]
[PlyCount "90"]
[EventDate "2018.11.18"]

1. d4 d5 2. c4 e6 3. Nf3 Nf6 4. g3 Be7 5. Bg2 O-O 6. O-O c6 7. Qc2 b6 8. Rd1
Nbd7 9. Nbd2 Bb7 10. Ne5 c5 11. Nxd7 Qxd7 12. dxc5 Bxc5 13. e4 Ng4 14. Rf1 Rac8
15. exd5 Bxd5 16. Ne4 Bxc4 17. Qd1 Qxd1 18. Rxd1 Rfd8 19. Bg5 f6 20. Nxc5 Rxd1+
21. Rxd1 bxc5 22. Bf4 Bxa2 23. h3 Ne5 24. Ra1 Bd5 25. Bxe5 fxe5 26. Rxa7 Rb8
27. Ra5 Rc8 28. Bxd5 exd5 29. Rb5 d4 30. Kf1 Rc7 31. Ke2 e4 32. Rb6 Kf7 33. b3
Ke7 34. Ra6 Kd7 35. Rb6 Ra7 36. h4 d3+ 37. Kd2 Ra2+ 38. Ke1 Ra1+ 39. Kd2 Rf1
40. Ke3 Re1+ 41. Kd2 Re2+ 42. Kd1 Rxf2 43. Rb7+ Kd6 44. Rb8 Ke5 45. Rd8 Rg2 0-1

[Event "Ïåðâåíñòâî Ìîñêâû"]
[Site "ÐœÐ¾Ñ�ÐºÐ²Ð°, ÐœÐ“Ð˜ÐœÐž Ð¿Ñ€."]
[Date "2018.11.19"]
[Round "3.7"]
[White "Èâàíîâ "]
[Black "Øèðîêèõ"]
[Result "0-1"]
[WhiteElo "1850"]
[BlackElo "1473"]
[PlyCount "132"]
[EventDate "2018.11.18"]

1. e4 e6 2. d4 d5 3. Nd2 dxe4 4. Nxe4 Nd7 5. g3 Ngf6 6. Nxf6+ Nxf6 7. Bg2 c5 8.
Nf3 Bd7 9. Ne5 Qb6 10. Nxd7 Nxd7 11. Be3 Be7 12. O-O Rd8 13. dxc5 Bxc5 14. Bxc5
Nxc5 15. Qg4 O-O 16. b4 Nd7 17. Qe4 Nf6 18. Qxb7 Qxb7 19. Bxb7 Rb8 20. Bf3 Rxb4
21. Rab1 Rfb8 22. Rxb4 Rxb4 23. Rd1 g6 24. Rd3 Ra4 25. a3 Rc4 26. Bd1 a5 27.
Kf1 Kf8 28. Ke1 Ke7 29. f3 Nd7 30. c3 Nc5 31. Re3 Na4 32. Kd2 Nb6 33. Re5 Nd5
34. Bb3 Rxc3 35. Bxd5 Rc5 36. Ke3 Rxd5 37. Re4 Rb5 38. Kf4 f6 39. Rc4 e5+ 40.
Kg4 h5+ 41. Kh4 Kd7 42. h3 Rd5 43. g4 hxg4 44. hxg4 Rd3 45. Ra4 Rxf3 46. Rxa5
Rc3 47. g5 f5 48. Rxe5 Rc4+ 49. Kg3 Rg4+ 50. Kf3 Rxg5 51. a4 Rg4 52. a5 Ra4 53.
Rb5 Ke7 54. Rb6 Kf7 55. a6 Kg7 56. Rb7+ Kh6 57. a7 Kg5 58. Rf7 Ra3+ 59. Kg2 Kg4
60. Rg7 g5 61. Kf2 f4 62. Ke2 Ra2+ 63. Kd3 Ra4 64. Ke2 Ra3 65. Rd7 Ra2+ 66. Kd3
f3 0-1